[Event "Prague op-A 18th"]
[Site "Prague"]
[Date "2019.01.12"]
[Round "2"]
[White "Tobor, Detlef"]
[Black "Zak, Jiri"]
[Result "1-0"]
[WhiteElo "1950"]
[BlackElo "1609"]
[PlyCount "65"]
[EventDate "2019.01.11"]
[EventType "swiss"]
[EventRounds "9"]
[EventCountry "CZE"]
[SourceTitle "CBM 188 Extra"]
[Source "ChessBase"]
[SourceDate "2019.02.26"]
[SourceVersion "1"]
[SourceVersionDate "2019.02.26"]
[SourceQuality "1"]

1. e4 b6 2. d4 Bb7 3. Nc3 e6 4. Nf3 Bb4 5. Bd3 Nf6 6. Qe2 d5 7. exd5 Nxd5 8. Bd2 Nxc3 9. bxc3 Be7 10. 0-0 Nd7 11. Rfe1 Nf6 12. c4 Bxf3 13. Qxf3 0-0 14. Bc3 a5 15. d5 exd5 16. cxd5 Bb4 17. Bxb4 axb4 18. Red1 Qd6 19. Bc4 Rfe8 20. Re1 Qc5 21. Bb3 Re7 22. Rxe7 Qxe7 23. d6 Qe8 24. dxc7 Ra7 25. Qf4 Qd7 26. Qxb4 Qxc7 27. Rd1 Ra8 28. Qd6 Qa7 29. Qd8+ Ne8 30. Qd7 Kf8 31. Bxf7 Qxd7 32. Rxd7 Rb8 33. Bb3 1-0

[Event "Teplice op 8th"]
[Site "Teplice"]
[Date "2013.06.18"]
[Round "4"]
[White "Straslipka, Jiri"]
[Black "Zak, Jiri"]
[Result "0-1"]
[WhiteElo "1750"]
[BlackElo "1723"]
[PlyCount "90"]
[EventDate "2013.06.15"]
[EventType "swiss"]
[EventRounds "9"]
[EventCountry "CZE"]
[SourceTitle "CBM 155 Extra"]
[Source "ChessBase"]
[SourceDate "2013.08.26"]
[SourceVersion "1"]
[SourceVersionDate "2013.08.26"]
[SourceQuality "1"]

1. d4 d5 2. Nf3 Nf6 3. Bf4 g6 4. Nbd2 Bg7 5. e3 0-0 6. Bd3 Nbd7 7. c3 h6 8. h3 c5 9. Rc1 b6 10. g4 Ne8 11. Ne5 Nxe5 12. dxe5 Nc7 13. Nf3 Ne6 14. Bg3 Qc7 15. Bb1 Rd8 16. h4 Nf8 17. e6 Qb7 18. exf7+ Kxf7 19. Rg1 Nd7 20. Qc2 Qc6 21. h5 g5 22. Rd1 e6 23. Qg6+ Kf8 24. c4 Bb7 25. cxd5 exd5 26. Bd6+ Kg8 27. Nxg5 Nf8 28. Qf7+ Kh8 29. Qf5 Rxd6 30. Nf7+ Kg8 31. Nxd6 Qxd6 32. g5 Qh2 33. Rf1 Qxh5 34. Rxd5 Bxb2 35. Rd3 Bg7 36. Bc2 c4 37. Ra3 Bb2 38. Bd1 Qxg5 39. Qxg5+ hxg5 40. Ra4 b5 41. Rg1 bxa4 42. Rxg5+ Kf7 43. Bxa4 Rd8 44. Rc5 Bc3+ 45. Ke2 Rd2+ 0-1

[Event "Brno op 3rd"]
[Site "Brno"]
[Date "2012.11.17"]
[Round "9"]
[White "Zak, Jiri"]
[Black "Sipl, Frantisek"]
[Result "1/2-1/2"]
[WhiteElo "1633"]
[BlackElo "1891"]
[PlyCount "40"]
[EventDate "2012.11.10"]
[EventType "swiss"]
[EventRounds "9"]
[EventCountry "CZE"]
[SourceTitle "CBM 151 Extra"]
[Source "ChessBase"]
[SourceDate "2012.12.18"]
[SourceVersion "1"]
[SourceVersionDate "2012.12.18"]
[SourceQuality "1"]

1. d4 Nf6 2. c4 e6 3. Nc3 c6 4. Nf3 d5 5. e3 Bd6 6. Bd3 Nbd7 7. b3 Bb4 8. Bb2 Qa5 9. Qc2 dxc4 10. bxc4 0-0 11. 0-0 Qh5 12. Ne4 Nxe4 13. Bxe4 f5 14. Bd3 Bd6 15. Ne5 Nf6 16. Be2 Qe8 17. f4 Nd7 18. c5 Be7 19. a4 b6 20. Ba3 Qd8 1/2-1/2

[Event "Brno op 3rd"]
[Site "Brno"]
[Date "2012.11.15"]
[Round "7"]
[White "Zak, Jiri"]
[Black "Stary, Vladimir"]
[Result "1/2-1/2"]
[WhiteElo "1633"]
[BlackElo "1850"]
[PlyCount "83"]
[EventDate "2012.11.10"]
[EventType "swiss"]
[EventRounds "9"]
[EventCountry "CZE"]
[SourceTitle "CBM 151 Extra"]
[Source "ChessBase"]
[SourceDate "2012.12.18"]
[SourceVersion "1"]
[SourceVersionDate "2012.12.18"]
[SourceQuality "1"]

1. d4 Nf6 2. c4 e6 3. Nc3 Bb4 4. Qc2 Nc6 5. e3 0-0 6. Nf3 d6 7. a3 Bxc3+ 8. Qxc3 a5 9. Bd3 Qe7 10. b3 e5 11. Be2 Bg4 12. d5 Bxf3 13. Bxf3 e4 14. Be2 Ne5 15. Bb2 Nfd7 16. 0-0 f5 17. f4 exf3 18. Bxf3 Nxf3+ 19. Rxf3 Nc5 20. Rg3 Rf7 21. Rf3 Ne4 22. Qd4 Qg5 23. Raf1 Raf8 24. Qd3 h6 25. Rf4 Qe7 26. Qd4 Kh7 27. Qd3 g6 28. Qe2 b6 29. b4 axb4 30. axb4 Ra8 31. Ra1 Re8 32. Ra7 Nf6 33. Bd4 Rb8 34. h3 Nh5 35. Rf3 f4 36. Ra3 Re8 37. Qf2 Ng3 38. exf4 Ne2+ 39. Kh2 Nxd4 40. Qxd4 Qe4 41. Qxe4 Rxe4 42. Rac3 1/2-1/2

[Event "Brno op 3rd"]
[Site "Brno"]
[Date "2012.11.13"]
[Round "4"]
[White "Zak, Jiri"]
[Black "Korinkova, Eva"]
[Result "1-0"]
[WhiteElo "1633"]
[BlackElo "1813"]
[PlyCount "63"]
[EventDate "2012.11.10"]
[EventType "swiss"]
[EventRounds "9"]
[EventCountry "CZE"]
[SourceTitle "CBM 151 Extra"]
[Source "ChessBase"]
[SourceDate "2012.12.18"]
[SourceVersion "1"]
[SourceVersionDate "2012.12.18"]
[SourceQuality "1"]

1. d4 Nf6 2. c4 g6 3. Nc3 Bg7 4. e4 d6 5. f3 0-0 6. Be3 e5 7. Nge2 Nc6 8. d5 Ne7 9. Qd2 Ne8 10. g4 f5 11. gxf5 gxf5 12. Bg5 Bf6 13. Rg1 Ng6 14. 0-0-0 f4 15. Bxf6 Qxf6 16. Kb1 Kf7 17. Nc1 a5 18. Qf2 b6 19. Nb5 a4 20. a3 Bd7 21. Na2 Qh4 22. Qd2 Bxb5 23. cxb5 Nf6 24. Nb4 Nd7 25. Rg4 Qf6 26. Na6 Rfc8 27. Bh3 Ke7 28. Rdg1 Nc5 29. Rg5 Rf8 30. Nb4 Kf7 31. Rh5 Rh8 32. Rf5 1-0